<?xml version="1.0" encoding="UTF-8"?>
<record
    xmlns:xsi="http://www.w3.org/2001/XMLSchema-instance"
    xsi:schemaLocation="http://www.loc.gov/MARC21/slim http://www.loc.gov/standards/marcxml/schema/MARC21slim.xsd"
    xmlns="http://www.loc.gov/MARC21/slim">

  <leader>00916na  a2200277   4500</leader>
  <controlfield tag="001">22753</controlfield>
  <controlfield tag="003">MIRAKIL</controlfield>
  <controlfield tag="005">20181213154948.0</controlfield>
  <controlfield tag="008">170224b        tu            000 0      </controlfield>
  <datafield tag="035" ind1=" " ind2=" ">
    <subfield code="a">20792</subfield>
  </datafield>
  <datafield tag="040" ind1=" " ind2=" ">
    <subfield code="a">Milas</subfield>
    <subfield code="b">tur</subfield>
    <subfield code="c">TR-AnCHP</subfield>
  </datafield>
  <datafield tag="041" ind1=" " ind2=" ">
    <subfield code="a">tur</subfield>
  </datafield>
  <datafield tag="082" ind1=" " ind2=" ">
    <subfield code="a">CHP 378.111</subfield>
    <subfield code="b">&#xDC;55</subfield>
  </datafield>
  <datafield tag="090" ind1=" " ind2=" ">
    <subfield code="a">&#xDC;N&#x130;VERS&#x130;TELER-Y&#xD6;K</subfield>
  </datafield>
  <datafield tag="091" ind1=" " ind2=" ">
    <subfield code="a">E&#x11E;&#x130;T&#x130;M-2</subfield>
  </datafield>
  <datafield tag="245" ind1=" " ind2=" ">
    <subfield code="a">[&#xDC;niversite ve Y&#xD6;K dosyas&#x131;]</subfield>
    <subfield code="c">[derleyen] CHP</subfield>
  </datafield>
  <datafield tag="440" ind1=" " ind2=" ">
    <subfield code="a">Cumhuriyet Halk Partisi yay&#x131;nlar&#x131;</subfield>
    <subfield code="p">Raporlar</subfield>
  </datafield>
  <datafield tag="500" ind1=" " ind2=" ">
    <subfield code="a">&#xDC;niversite ve y&#xFC;ksek &#xF6;&#x11F;retime ili&#x15F;kin Y&#xD6;K'&#xFC;n &#xE7;e&#x15F;itli yasalar&#x131; ve CHP'nin g&#xF6;r&#xFC;&#x15F;&#xFC;ne sunulan &#xE7;e&#x15F;itli teklifler yer almaktad&#x131;r</subfield>
  </datafield>
  <datafield tag="610" ind1=" " ind2=" ">
    <subfield code="a">Y&#xFC;ksek&#xF6;&#x11F;retim Kurumu (Y&#xD6;K)</subfield>
  </datafield>
  <datafield tag="610" ind1=" " ind2=" ">
    <subfield code="a">CHP</subfield>
    <subfield code="x">E&#x11F;itim politikalar&#x131;</subfield>
  </datafield>
  <datafield tag="610" ind1=" " ind2=" ">
    <subfield code="a">CHP</subfield>
    <subfield code="x">E&#x11F;itim sorunlar&#x131;</subfield>
    <subfield code="y">&#xC7;&#xF6;z&#xFC;m &#xF6;nerileri</subfield>
  </datafield>
  <datafield tag="610" ind1=" " ind2=" ">
    <subfield code="a">CHP</subfield>
    <subfield code="x">Raporlar</subfield>
    <subfield code="y">E&#x11F;itim</subfield>
  </datafield>
  <datafield tag="830" ind1=" " ind2=" ">
    <subfield code="a">CHP raporlar&#x131;</subfield>
  </datafield>
  <datafield tag="942" ind1=" " ind2=" ">
    <subfield code="2">dcc</subfield>
    <subfield code="c">BKS</subfield>
  </datafield>
  <datafield tag="952" ind1=" " ind2=" ">
    <subfield code="a">0001</subfield>
    <subfield code="b">0001</subfield>
    <subfield code="d">2017-02-24</subfield>
    <subfield code="e">2</subfield>
    <subfield code="h">c.4</subfield>
    <subfield code="l">0</subfield>
    <subfield code="o">&#xDC;N&#x130;VERS&#x130;TELER-Y&#xD6;K</subfield>
    <subfield code="p">016404</subfield>
    <subfield code="r">2017-02-24 00:00:00</subfield>
    <subfield code="v">0.00</subfield>
    <subfield code="w">2017-02-24</subfield>
    <subfield code="x"> Klas&#xF6;r</subfield>
    <subfield code="y">BKS</subfield>
  </datafield>
  <datafield tag="999" ind1=" " ind2=" ">
    <subfield code="c">3951</subfield>
    <subfield code="d">3951</subfield>
  </datafield>
</record>
